000 00626nab a2200193 4500
001 244442
003 OSt
005 20230628152311.0
007 tu
008 200917s2020|||||||
040 _aDE-2950
_cDE-2950
245 0 0 _aDrei Katzen vom Schrottplatz.
_bInszenierung. Das Berliner Musiktheaterkollektiv Glanz & Krawall zeigt auf dem Außengelände des Kamea Andrew Lloyd Webbers Klassiker "Cats" /
_cPeggy Lohse
264 _c2023
653 _aFrankfurt (Oder)
653 _aKamea
653 _aMusical
773 0 _g34. Jahrgang (2023) Nr. 140 vom 19.06.2023, S. 13: mit Foto
_tMärkische Oderzeitung
942 _2z
_cA
999 _c372585
_d372585